| 000 | 00445nam a22001817a 4500 | ||
|---|---|---|---|
| 005 | 20251108175106.0 | ||
| 008 | 250721s2012 xx 000 0 eng d | ||
| 082 | 1 | 4 | _aJ/F/HAT |
| 100 | 1 | _aHATTAB, MOHAMMAD | |
| 245 | 1 | 0 | _aCRIME IN NEW YORK / |
| 264 | 1 |
_aAMMAN : _c2012. |
|
| 300 | _a15p. | ||
| 650 | 1 | 7 | _afiction |
| 650 | 1 | 7 | _achildren |
| 653 | _aمرحلة ناشئون صغار (10-14) سنة | ||
| 942 |
_2ddc _cBK |
||
| 999 |
_c125956 _d125956 |
||